| 000 -LEADER |
| fixed length control field |
01086 a2200193 4500 |
| 003 - CONTROL NUMBER IDENTIFIER |
| control field |
Nust |
| 005 - DATE AND TIME OF LATEST TRANSACTION |
| control field |
20221130180024.0 |
| 010 ## - LIBRARY OF CONGRESS CONTROL NUMBER |
| LC control number |
91010991 |
| 020 ## - INTERNATIONAL STANDARD BOOK NUMBER |
| International Standard Book Number |
0023099658 |
| 040 ## - CATALOGING SOURCE |
| Transcribing agency |
Nust |
| 082 00 - DEWEY DECIMAL CLASSIFICATION NUMBER |
| Classification number |
621.381536,BIG |
| 100 ## - MAIN ENTRY--PERSONAL NAME |
| Personal name |
Biglieri, Ezio |
| 9 (RLIN) |
97123 |
| 245 00 - TITLE STATEMENT |
| Title |
Introduction to trellis-coded modulation with applications / |
| Statement of responsibility, etc. |
Ezio Biglieri ... [et al.]. |
| 260 ## - PUBLICATION, DISTRIBUTION, ETC. |
| Place of publication, distribution, etc. |
New York : |
| Name of publisher, distributor, etc. |
Macmillan ; |
| Place of publication, distribution, etc. |
Toronto : |
| Name of publisher, distributor, etc. |
Maxwell Macmillan Canada ; |
| Place of publication, distribution, etc. |
New York : |
| Name of publisher, distributor, etc. |
Maxwell Macmillan Internatioinal, |
| Date of publication, distribution, etc. |
c1991. |
| 300 ## - PHYSICAL DESCRIPTION |
| Extent |
xvii, 548 p. : |
| Other physical details |
ill. ; |
| Dimensions |
25 cm. |
| 505 ## - FORMATTED CONTENTS NOTE |
| Formatted contents note |
Introduction (Page-1), Error-Correcting Codes (Page-33), TCM (Page-67), Performance Evaluation (Page-99), One And Two Dimensional Modulations For TCM (Page-149), Multidimensional Modulations (Page-207), Multiple TCM (Page-259), Rotationally Invariant Trellis Codes (Page-295), Analysis And Performance Of TCM For Fading Channels (Page-343), Design Of TCM For Fading Channels (Page-411), Analysis And Design Of TCM For Other Practical Channels (Page-437). |
| 650 #0 - SUBJECT ADDED ENTRY--TOPICAL TERM |
| Topical term or geographic name entry element |
Telecommunications Engineering. |
| 9 (RLIN) |
58485 |
| 942 ## - ADDED ENTRY ELEMENTS (KOHA) |
| Source of classification or shelving scheme |
|
| Koha item type |
Book |